000 00839nam a2200229 a 4500
001 62534
003 BD-RjUL
005 20211209081109.0
008 170124s1965 nyu 000 0 eng d
035 _a(BD-RjUL)62660
040 _aANL
_beng
_cANL
_dNU
_dBD-RjUL
041 _aeng
082 _223
_a821
_bABC 1965
100 1 _aAbbott, Edwin,
_d1808-1882.
_9185909
245 1 2 _aA concordance to the works of Alexander Pope /
_cby Edwin Abbott, with an introduction by Edwin A. Abbott.
260 _aNew York :
_bAppleton,
_c1875 ;
_aNew York :
_bKraus Reprint Corp.,
_c1965.
300 _axviii, 365 p. :
_c25 cm.
600 1 0 _aPope, Alexander,
_d1688-1744
_xConcordances.
_9185915
650 0 _aEnglish language
_y18th century
_xGlossaries, vocabularies, etc.
_9185911
700 1 _aAbbott, Edwin Abbott,
_d1838-1926.
_9185912
942 _2ddc
_cBK
999 _c62534
_d62534